00422nam a2200085Ia 4500008004100000245016000041260000900201300010100210650002500311180130s9999 xx 000 0 und d cChuah, Min-Hooi; Wong, Kee-LuenaConstruct an enterprise business intelligence maturity model (EBI2M) using an integration approach: a conceptual framework c2015 aBook title: Business intelligence for business development--Acession number C20755; pages 1 - 14 aBUSINESS DEVELOPMENT